ARRUPE JESUIT UNIVERSITY

CORONAVIRUS -STOP THE SPREAD - CLEAN,DISINFECT,COVER

Aquinas / (Record no. 130359)

MARC details
000 -LEADER
fixed length control field 00858cam a2200277 a 4500
001 - CONTROL NUMBER
control field 4488422
003 - CONTROL NUMBER IDENTIFIER
control field ARRUPE
005 - DATE AND TIME OF LATEST TRANSACTION
control field 20200212112812.0
008 - FIXED-LENGTH DATA ELEMENTS--GENERAL INFORMATION
fixed length control field 970304m19979999enk b 001 0 eng
010 ## - LIBRARY OF CONGRESS CONTROL NUMBER
LC control number 97012053
020 ## - INTERNATIONAL STANDARD BOOK NUMBER
International Standard Book Number 185898100X
020 ## - INTERNATIONAL STANDARD BOOK NUMBER
International Standard Book Number 1858980968 (set)
040 ## - CATALOGING SOURCE
Original cataloging agency DLC
Transcribing agency DLC
Modifying agency DLC
050 00 - LIBRARY OF CONGRESS CALL NUMBER
Classification number B765.T54
Item number S934
082 00 - DEWEY DECIMAL CLASSIFICATION NUMBER
Classification number 320/.092
Edition number 21
300 ## - PHYSICAL DESCRIPTION
Dimensions 24 cm.
100 ## - MAIN ENTRY--PERSONAL NAME
Personal name Stump, Eleonore
9 (RLIN) 49524
245 00 - TITLE STATEMENT
Title Aquinas /
Statement of responsibility, etc Eleonore Stump
260 ## - PUBLICATION, DISTRIBUTION, ETC. (IMPRINT)
Place of publication, distribution, etc London
Name of publisher, distributor, etc Routledge
Date of publication, distribution, etc 2003
300 ## - PHYSICAL DESCRIPTION
Extent xx, 611p. ;
440 ## - SERIES STATEMENT/ADDED ENTRY--TITLE
Title Arguments of the philosophers
9 (RLIN) 21761
504 ## - BIBLIOGRAPHY, ETC. NOTE
Bibliography, etc Includes bibliographical references and index.
600 00 - SUBJECT ADDED ENTRY--PERSONAL NAME
Personal name Thomas,
Titles and other words associated with a name Aquinas, Saint,
9 (RLIN) 37174
906 ## - LOCAL DATA ELEMENT F, LDF (RLIN)
a 7
b cbc
c orignew
d 1
e ocip
f 19
g y-gencatlg
942 ## - ADDED ENTRY ELEMENTS (KOHA)
Source of classification or shelving scheme Library of Congress Classification
Koha item type Monograph ( Printed materials)
Holdings
Withdrawn status Lost status Source of classification or shelving scheme Damaged status Not for loan Collection code Home library Current library Shelving location Date acquired Total Checkouts Full call number Barcode Date last seen Price effective from Koha item type
    Library of Congress Classification     Main Collection ARRUPE LIBRARY ARRUPE LIBRARY Main Collection 12/02/2020   B765.T54 S934 46600006435 12/02/2020 12/02/2020 Monograph ( Printed materials)

 

Arrupe Library. PO Box MP320 Mt Pleasant, Harare, Zimbabwe
263 242 745411|librarian@aju.ac.zw